WWE Trivia 2 - Statistics

General Stats
  • This quiz has been taken 68 times
  • The average score is 7 of 12
Answer Stats
Question Answer % Correct
Who made their WWF/WWE debut in 1997 during the Bad Blood PPV? Kane
90%
Who did John Cena fight during his WWE debut? Kurt Angle
90%
What was The Rock's original ring name? Rocky Maivia
90%
Which one of the following is a third-generation wrestler? Randy Orton
86%
Who was the only woman to ever win the Intercontinental Championship? Chyna
81%
Who was the first Intercontinental champion? Pat Patterson
67%
Who was the tallest WWE superstar ever? Giant Gonzales
57%
Who was the first WWE champion? Buddy Rogers
52%
Who was the first black WWE champion? The Rock
43%
What year did Bret Hart win his first WWE world title? 1992
33%
Who was the first King of the Ring tournament winner? Don Muraco
29%
What was WWE originally named? CWC
5%
No matching quizzes found
Score Distribution
Percent of People with Each Score
Percentile by Number Answered
Your Score History
You have not taken this quiz